Methods for electromagnetic field analysis / (Record no. 17094)

MARC details
000 -LEADER
fixed length control field 01100cam a22003134i 4500
001 - CONTROL NUMBER
control field 12186001
003 - CONTROL NUMBER IDENTIFIER
control field EG-ScBUE
005 - DATE AND TIME OF LATEST TRANSACTION
control field 20250428104231.0
008 - FIXED-LENGTH DATA ELEMENTS--GENERAL INFORMATION
fixed length control field 000926t1992 nyua frb 001 0 eng
020 ## - INTERNATIONAL STANDARD BOOK NUMBER
International Standard Book Number 0780360397
020 ## - INTERNATIONAL STANDARD BOOK NUMBER
International Standard Book Number 9780780360396
040 ## - CATALOGING SOURCE
Original cataloging agency EG-ScBUE
Language of cataloging eng
Description conventions rda
Transcribing agency EG-ScBUE
Modifying agency EG-ScBUE
082 04 - DEWEY DECIMAL CLASSIFICATION NUMBER
Classification number 530.141
Edition number 22
Item number LIN
100 1# - MAIN ENTRY--PERSONAL NAME
Personal name Lindell, Ismo V.
Relator term author
9 (RLIN) 31399
245 10 - TITLE STATEMENT
Title Methods for electromagnetic field analysis /
Statement of responsibility, etc Ismo V. Lindell, Helsinki University of Technology.
264 #1 - PUBLICATION, DISTRIBUTION, ETC. (IMPRINT)
Place of publication, distribution, etc New York :
Name of publisher, distributor, etc IEEE Press,
Date of publication, distribution, etc [1992]
264 #4 - PUBLICATION, DISTRIBUTION, ETC. (IMPRINT)
Date of publication, distribution, etc c1992
300 ## - PHYSICAL DESCRIPTION
Extent xii, 320 pages :
Other physical details illustrations ;
Dimensions 23 cm.
336 ## - CONTENT TYPE
Source rdacontent
Content type term text
Content type code txt
337 ## - MEDIA TYPE
Media type term unmediated
Source rdamedia
Media type code n
338 ## - CARRIER TYPE
Carrier type term volume
Carrier type code nc
Source rdacarrier
490 0# - SERIES STATEMENT
Series statement IEEE press series on electromagnetic wave theory
500 ## - GENERAL NOTE
General note Originally published: New York : Oxford University Press, 1992.
500 ## - GENERAL NOTE
General note Includes Appendices.<br/>
504 ## - BIBLIOGRAPHY, ETC. NOTE
Bibliography, etc Includes bibliographical references and index.
650 #7 - SUBJECT ADDED ENTRY--TOPICAL TERM
Topical term or geographic name as entry element Electromagnetic fields
General subdivision Mathematics.
9 (RLIN) 31400
Source of heading or term BUEsh
655 ## - INDEX TERM--GENRE/FORM
Form subdivision Reading book
942 ## - ADDED ENTRY ELEMENTS (KOHA)
Source of classification or shelving scheme Dewey Decimal Classification
Koha item type Book - Borrowing
Holdings
Withdrawn status Lost status Source of classification or shelving scheme Damaged status Not for loan Collection code Home library Current library Shelving location Date acquired Source of acquisition Cost, normal purchase price Serial Enumeration / chronology Total Checkouts Total Renewals Full call number Barcode Date last seen Date checked out Price effective from Koha item type
    Dewey Decimal Classification     Baccah Central Library Central Library First floor 22/11/2012   764.00 16429 1 4 530.141 LIN 000027820 15/07/2025 22/11/2012 22/11/2012 Book - Borrowing